Global Energy Law & Sustainability

Bibliographic Details
Format: eBook
Language:English
Published: Edimburgo: Edinburgh University Press, 2020 -
Subjects:
Online Access:Acceso restringido

MARC

LEADER 00000nam a22000007a 4500
005 20220202220940.0
007 cr|||| ||||
008 220202c20209999gb n|w s|||| 0|||b1eng d
022 |a 2632-4520 
035 |a 35237 
040 |a vLex 
090 |c 12907  |d 12907 
245 0 0 |a Global Energy Law & Sustainability  |h [Recurso electrn̤ico] / 
256 |a Servicio en ln̕ea 
260 |a Edimburgo:  |b Edinburgh University Press,  |c 2020 - 
300 |a 1 recurso electrn̤ico 
310 |a Irregular 
500 |a Global Energy Law and Sustainability is an international journal dedicated to research in energy law and policy, with an interdisciplinary focus comprising themes from a range of disciplines involved in energy research, such as: the energy life-cycle; energy production and infrastructure; energy regulation; economics and legal policy; energy justice; low-carbon energy law and transition; international energy law; subsidies; risk; governance; climate change; sustainability and environmental law. 
506 1 |a Disponible solo en los productos indicados  |d vLex Global  |d vLex Global (Academic Edition, excluding Law Schools)  |d vLex Global (U.S. Academic Edition, Law Schools)  |d vLex Global (U.S. Academic Edition, excluding Law Schools)  |d vLex Global (Academic Edition, Law Schools) 
650 0 4 |a Derecho Internacional  |z Reino Unido 
740 0 |a vLex Revistas (Servicio en ln̕ea) 
856 4 0 |u https://app.vlex.com/#/sources/35237  |z Acceso restringido 
942 |c REV 
999 0 |a International right